Một số vấn đề về thi hành án tử hình trong luật tố tụng hình sự Việt Nam /

Uloženo v:
Podrobná bibliografie
Hlavní autor: Giang Sơn.
Médium: Článek
Jazyk:Vietnamese
Témata:
Tagy: Přidat tag
Žádné tagy, Buďte první, kdo otaguje tento záznam!
Thư viện lưu trữ: Thư viện Trường Đại học Đà Lạt
LEADER 00830nam a2200277 4500
001 DLU090068410
005 ##20090427
040 # # |a DLU  |b vie 
041 # # |a vie 
044 # # |a vn 
100 # # |a Giang Sơn. 
245 # # |a Một số vấn đề về thi hành án tử hình trong luật tố tụng hình sự Việt Nam /  |c Giang Sơn. 
653 # # |a Án tử hình 
653 # # |a Tố tụng hình sự 
653 # # |a Thủ tục tố tụng 
653 # # |a Thi hành án 
773 # # |t Nhà nước và pháp luật  |g Số 9(104), 1996, tr. 31-34 
920 # # |a Phòng Tạp chí -- Trung tâm Thông tin - Thư viện Trường Đại học Đà Lạt 
994 # # |a DLU 
900 # # |a True 
911 # # |a Trịnh Ngọc Pháp 
925 # # |a G 
926 # # |a A 
927 # # |a BB 
980 # # |a Thư viện Trường Đại học Đà Lạt